| 000 | 01904nam a2200325 4500 | ||
|---|---|---|---|
| 001 | 193173 | ||
| 003 | ES-MaACL | ||
| 005 | 20240827063033.0 | ||
| 007 | ta | ||
| 008 | 230928b sp ||||| |||| 00| 0 spa d | ||
| 020 | _a9798378748273 | ||
| 040 |
_bspa _cES-MaACL |
||
| 080 | _2821.134.2-32"19" | ||
| 100 | 1 |
_aLegaz, Francisco _eaut _9234225 |
|
| 245 | 1 | 3 |
_aEl animal que por lo tanto soy / _cFrancisco Legaz Nieto |
| 260 |
_a[Italia : _bF. Legaz Nieto, _c2012] _e(Torrazza Piemonte (Turín) : _fAmazon Italia Logística) |
||
| 300 |
_a116 páginas ; _c25 cm |
||
| 336 |
_2rdacontent _aTexto |
||
| 337 |
_2rdamedia _asin mediación |
||
| 338 |
_2rdacarrier _avolumen |
||
| 500 | _aError de paginación en el índice | ||
| 520 | _aEn este libro se trata nuestra relación con los animales, desde diferentes puntos de vista, fundamentalmente antropológicos. Se hace un repaso de algunas cuestiones claves, para comprender como nos hemos relacionado con los animales, desde aspectos legislativos, religiosos, sociales, educativos, históricos y otros muchos. La humanización de los animales y las consecuencias para ellos de esta cuestión, es central en toda la obra. Además se explora en el libro, como la evolución de la sociedad, la tecnología, la industrialización y otros muchos aspectos, han tenido una importancia capital para los animales y como los derechos de estos seres vecinos y compañeros nuestros de planeta, han tenido que ir evolucionando, a lo largo de la historia. | ||
| 852 |
_aES-MaACL _9200543 _jN-9344 _bR.154585 _cDEPOJ _xEncuadernación rústica _hDonación: Francisco Legaz |
||
| 903 |
_aLegaz, Francisco _ednr _9234225 |
||
| 942 |
_n0 _cMONOGRAFIA |
||
| 999 |
_c193173 _d193173 |
||